Annotated bibliography on biodiversity : (Record no. 68510)

MARC details
000 -LEADER
fixed length control field 00755nam a22002297i 4500
003 - CONTROL NUMBER IDENTIFIER
control field URS
005 - DATE AND TIME OF LATEST TRANSACTION
control field 20230307111403.0
008 - FIXED-LENGTH DATA ELEMENTS--GENERAL INFORMATION
fixed length control field 170526s2001 ph ||||| |||| 00| 0 eng d
020 ## - INTERNATIONAL STANDARD BOOK NUMBER
International Standard Book Number 971-8538-66-6
040 ## - CATALOGING SOURCE
Transcribing agency URS
Description conventions rda
050 14 - LIBRARY OF CONGRESS CALL NUMBER
Classification number SF239
Item number .C26 2001
100 1# - MAIN ENTRY--PERSONAL NAME
Personal name Castillo, Leopoldo S.
Relator term author
245 10 - TITLE STATEMENT
Title Annotated bibliography on biodiversity :
Remainder of title livestock and poultry (agrobiodiversity) 1949-1997: dairy cattle /
Statement of responsibility, etc. Leopoldo S. Castillo, Ph.D.
264 #1 - PRODUCTION, PUBLICATION, DISTRIBUTION, MANUFACTURE, AND COPYRIGHT NOTICE
Place of production, publication, distribution, manufacture Taguig City :
Name of producer, publisher, distributor, manufacturer National Academy of Science and Technology,
Date of production, publication, distribution, manufacture, or copyright notice 2001.
300 ## - PHYSICAL DESCRIPTION
Extent xv, 109 pages ;
Dimensions 22 cm
336 ## - CONTENT TYPE
Content type term text
Content type code txt
Source rdacontent
337 ## - MEDIA TYPE
Media type term unmediated
Media type code n
Source rdamedia
338 ## - CARRIER TYPE
Carrier type term volume
Carrier type code nc
Source rdacarrier
650 #0 - SUBJECT ADDED ENTRY--TOPICAL TERM
Topical term or geographic name entry element Cattle
651 ## - SUBJECT ADDED ENTRY--GEOGRAPHIC NAME
General subdivision Bibliography
942 ## - ADDED ENTRY ELEMENTS (KOHA)
Koha item type Filipiniana
Source of classification or shelving scheme Library of Congress Classification
Holdings
Withdrawn status Source of classification or shelving scheme Damaged status Not for loan Home library Current library Shelving location Date acquired Total Checkouts Full call number Barcode Date last seen Price effective from Koha item type
  Library of Congress Classification     Tanay College Library Tanay College Library General Stacks 04/08/2015   SF239 .C26 2001 URSTAN-D888 12/05/2018 04/08/2015 Reserved Books
  Library of Congress Classification     Tanay College Library Tanay College Library   02/16/2023   SF239 .C26 2001 URSTAN-N136 02/16/2023 02/16/2023 Filipiniana

University of Rizal System
Email us at univlibservices@urs.edu.ph

Visit our Website www.urs.edu.ph/library